बुंदेलखंड की लोकसंस्कृति का इतिहास / (Record no. 118942)

MARC details
000 -LEADER
fixed length control field 01225nam a22002537a 4500
005 - DATE AND TIME OF LATEST TRANSACTION
control field 20170124103124.0
010 ## - LIBRARY OF CONGRESS CONTROL NUMBER
LC control number A-767235
020 ## - INTERNATIONAL STANDARD BOOK NUMBER
Terms of availability 300.00
International Standard Book Number 817119224
035 ## - SYSTEM CONTROL NUMBER
System control number A-767235
037 ## - SOURCE OF ACQUISITION
Source of stock number/acquisition Cen Lib / Ret
040 ## - CATALOGING SOURCE
Original cataloging agency DPL
Language of cataloging HN
082 ## - DEWEY DECIMAL CLASSIFICATION NUMBER
Classification number 390.095413
Item number गुप्तन
100 ## - MAIN ENTRY--PERSONAL NAME
Personal name गुप्त, नर्मदा प्रसाद
9 (RLIN) 82620
245 ## - TITLE STATEMENT
Title बुंदेलखंड की लोकसंस्कृति का इतिहास /
Statement of responsibility, etc नर्मदा प्रसाद गुप्त
246 ## - VARYING FORM OF TITLE
Title proper/short title Budelkhand ki lok sanskriti ka itihas /
Remainder of title by Narmada Prasad Gupt
260 ## - PUBLICATION, DISTRIBUTION, ETC. (IMPRINT)
Place of publication, distribution, etc नयी दिल्ली
Name of publisher, distributor, etc राधाकृष्ण प्रकाशन
Date of publication, distribution, etc 1995
270 ## - ADDRESS
City नयी दिल्ली
Address 2/38, अंसारी रोड, दरियागंज
Postal code 110002
300 ## - PHYSICAL DESCRIPTION
Extent 474पृ.
Dimensions 20सेमी (सजिल्द)
650 ## - SUBJECT ADDED ENTRY--TOPICAL TERM
Topical term or geographic name as entry element लोकसंस्कृति--बुंदेलखंड
9 (RLIN) 82621
650 ## - SUBJECT ADDED ENTRY--TOPICAL TERM
Topical term or geographic name as entry element लोकोत्सव--बुंदेलखंड
9 (RLIN) 3419
650 ## - SUBJECT ADDED ENTRY--TOPICAL TERM
Topical term or geographic name as entry element Popular culture - Bundelkhand
9 (RLIN) 82622
650 ## - SUBJECT ADDED ENTRY--TOPICAL TERM
Topical term or geographic name as entry element Lokotsv - Bundelkhand
9 (RLIN) 82623
942 ## - ADDED ENTRY ELEMENTS (KOHA)
Source of classification or shelving scheme Dewey Decimal Classification
Koha item type Hindi Books
Classification part 390.095413
Call number suffix गुप्तन
Holdings
Withdrawn status Lost status Damaged status Not for loan Home library Current library Date acquired Source of acquisition Cost, normal purchase price Total Checkouts Full call number Barcode Date last seen Date checked out Copy number Cost, replacement price Price effective from Koha item type
        Central Library Central Library 14/09/2015 Cen Lib/Ref 300.00 1 390.095413 गुप्तन A-767235 22/10/2018 05/10/2018 1 300.00 14/09/2015 Hindi Books

© Delhi Public Library
Hit Counter
free hit counter